000 00391nam a2200145Ia 4500
999 _c31091
_d31091
003 OSt
005 20250826124725.0
008 250310s9999||||xx |||||||||||||| ||und||
040 _c.
082 _a915.404
_bM2977
245 0 _aTravel India Aide Tamil Nadu Kerala and Pondicherry /
_cMaps and Agencies
260 _aMadras :
_bMaps and Agencies,
_c1981.
300 _a46 p.
942 _cBK
_2ddc